000
00239nam a2200097Ia 4500
001
689072
005
20250826161627.0
008
250824s9999 xx 000 0 und d
245
0
_a
PROJELER SULTANI
_c
YUSUF GÜLDÜR
260
_b
HAYAT YAYINLARI
999
_c
689072
_d
689072